...But Is It Shakespeare? II Quiz Stats

 Plays Quiz Updated Mar 4, 2020

Support Sporcle.
Go Orange.
Score 0/30 Timer 07:00
1 Play Today
Famous Quote Shakespeare or Not (S or N) % Correct
By the pricking of my thumbs, something wicked this way comes.???
76.5%
Love looks not with the eyes, but with the mind, and therefore is winged Cupid painted blind.???
71.1%
Brevity is the soul of wit.???
69.9%
The fool doth think he is wise but the wise man knows himself to be a fool.???
69.8%
When we are born, we cry that we are come to this great stage of fools.???
69.7%
For mine own part, it was Greek to me.???
69.2%
O thou invisible spirit of wine, if thou hast no name to be known by, let us call thee devil!???
69.1%
I think that I shall never see a poem lovely as a tree.???
68.5%
The quality of mercy is not strained, it droppeth as the gentle rain from heaven upon the place beneath.???
67.9%
Tomorrow, and tomorrow, and tomorrow, creeps in this petty pace from day to day, to the last syllable of recorded time.???
67.1%
Cleanliness is next to Godliness.???
67%
Water, water, everywhere, nor any drop to drink.???
65.8%
Some rise by sin, and some by virtue fall.???
65.1%
O my Luve's like a red, red rose, that's newly sprung in June. O, my Luve's like the melodie, that's sweetly play'd in tune.???
64.4%
How beauteous mankind is! O brave new world, that has such people in it!???
64.3%
Famous Quote Shakespeare or Not (S or N) % Correct
There is nothing either good or bad, but thinking makes it so.???
63.5%
With the first link, the chain is forged. The first speech censored, the first thought forbidden, the first freedom denied, chains us all irrevocably.???
61.7%
Gather ye rosebuds while ye may, old Time is still a-flying.???
60.3%
I am constant as the Northern Star, of whose true fixed and resting quality there is no fellow in the firmament.???
60.1%
If this were played upon a stage now, I could condemn it as an improbable fiction.???
58.9%
She walks in beauty, like the night; of cloudless climes and starry skies.???
58.5%
Old age should burn and rave at close of day; rage, rage against the dying of the light.???
58.1%
Things fall apart; the centre cannot hold; mere anarchy is loosed upon the world.???
57.5%
The gods help them that help themselves.???
57.1%
The first thing we do, let's kill all the lawyers.???
56.3%
I love thee to the depth and breadth and height my soul can reach.???
47.6%
Age steals away all things, even the mind.???
41.5%
Physician, heal thyself.???
40.5%
Even a fool may be wise after the event.???
40.1%
Drink to me only with thine eyes, and I will pledge with mine; Or leave a kiss but in the cup, and I'll not look for wine.???
38.7%

You're not logged in!

Compare scores with friends on all Sporcle quizzes.
OR
Log In

From the Vault

Click-a-Father

by pdigoe

Just what dad wanted for Father's Day; a click.
Remove Ads.
Support Sporcle.
Get the best of Sporcle when you Go Orange. This ad-free experience offers more features, more stats, and more fun while also helping to support Sporcle. Thank you for becoming a member.

Show Comments

Extras

Top Quizzes Today


Score Distribution

Your Account Isn't Verified!

In order to create a playlist on Sporcle, you need to verify the email address you used during registration. Go to your Sporcle Settings to finish the process.

Report this User

Report this user for behavior that violates our Community Guidelines.

Details: